Štvrtý rozmer skla. Marek Brincko

Bibliographic Details
Main Author: Nepšinská, Mária (Author)
Format: Article
Language:Slovak
PhysicalDescription:Fotogr.
ISSN:1335-5457
Subjects:

MARC

LEADER 00000nab a2200000 a 4500
001 vtls009451312
003 SK-MaSNL
005 20260304152715.0
008 250506c2008 xo qr|p|||||||000 b|slo
015 |a SNBRB2008/12  |2 snkbucl 
035 |a (uuid)a23d262a-d443-40e6-ba3f-ac38ff0afcb9 
035 |a urn:nbn:sk:snk-ab2y48 
035 |a (urnnbn)urn:nbn:sk:snk:ar-a033g7 
038 |a SNKBUCL 
040 |a SNKBUCL  |b slo  |c SNKBUCL  |e AACR2 
041 0 |a slo 
044 |a xo  |c SK 
080 |a 748.071.1  |2 2001 
100 1 |a Nepšinská, Mária  |4 aut  |9 323814 
245 1 0 |a Štvrtý rozmer skla. Marek Brincko  |c Mária Nepšinská 
300 |b Fotogr. 
600 1 7 |a Brincko, Marek,  |d 1981-  |2 snkbucl  |9 1265390 
650 0 7 |a umelecké sklo  |2 snkbucl  |9 3106 
773 0 |t Remeslo, umenie, dizajn  |g Roč. 9, č. 3 (2008), s. 14-15  |x 1335-5457 
850 |a Slovenská národná knižnica 
852 |a Slovenská národná knižnica 
958 |a article27 
958 |a OND 
958 |a SK 
958 |a EUIPO 
999 |c 2950606  |d 2952536